| 000 | 00583nam a2200193Ia 4500 | ||
|---|---|---|---|
| 005 | 20250326145556.0 | ||
| 008 | 250326s9999 xx 000 0 und d | ||
| 037 | _aTextbook | ||
| 040 |
_aFMSL _beng _cFMSL |
||
| 041 |
_aeng _2eng |
||
| 084 |
_aSNIobB28 Q6 _qFMSL |
||
| 100 |
_aMohanty B _9214331 |
||
| 245 | 0 |
_aStatistics for behavioural and; Statistics for behavioural and social science _cMohanty B; Mishra S |
|
| 260 |
_aNew Delhi _bNew Delhi, SAGE _c2016 |
||
| 365 | _b650 | ||
| 650 | _aManagement | ||
| 942 |
_cTB _hSNIobB28 Q6 |
||
| 999 |
_c1308050 _d1308050 |
||